LEADER 01076nam a2200253 i 4500 001 000000257622 003 CaOOAMICUS 005 20180313000000.0 008 180313s1998 it u000 u ita u 013 $a236530 040 $aSeMil$bita 100 1 $aAmado, Jorge <1912-2001>.$0(OLS)http://semarc/name/32888 245 10$aMar Morto /$cJorge Amado ; traduzione di Liliana Bonacini Seppilli. 260 $a[S.l.] :$bFamiglia Cristiana,$cstampa 1998. 300 $aX, 241 p. ;$c21 cm. 490 0 $aNovecento mondiale. I grandi della narrativa ;$v4 500 $aSupplemento a Famiglia Cristiana n° 28 del 19 luglio 1998. 700 1 $aBonacini Seppilli, Liliana.$0(OLS)http://semarc/name/32889 830 0$aNovecento mondiale. I grandi della narrativa ;$v4.$0(OLS)http://semarc/title/24770 850 $aSeMil 852 $aSeMil$W1$xVenegono$y1$m1V VI 189$j207968$B207968$CSeMilBibl$Z2$F222287 $81 961 $aOmaggio: Altro 996 $6245$aMar Morto$9(OLS)http://semarc/title/103832 996 $6260$a[S.l.] :$bFamiglia Cristiana$9(OLS)http://semarc/publisher/33580 LEADER 01547nam a2200277 i 4500 001 000000069225 003 CaOOAMICUS 005 20260424141739.0 008 100825s1975 gw u000 u ger u 013 $a40397 020 $a3-534-02572-5 040 $aSeMil$bita 100 1 $aSchelling, Friedrich Wilhelm Joseph : von ,$d<1775-1854>.$0(OLS)http://semarc/name/20353 245 10$aSchriften von 1799-1801 /$cFriedrich Wilhelm Joseph Schelling. 250 $aRist. anast. 260 $aDarmstadt :$bWissenschaftliche Buchgesellschaft,$c1975. 300 $a659 p. ;$c21 cm. 500 $aContiene: Erster Entwurf eines Systems der Naturphilosophie (1799) ; Einleitung zu dem Entwurf eines System der Naturphilosophie (1799) ; System des transzendentalen Idealismus (1800) ; Über den wahren Begriff der Naturphilosophie und die richtige Art, ihre Probleme aufzulösen (1801). 533 $aRipr. facs. dell'ed.$bStuttgart ; Augsburg :$cCotta'scher,$d1856-1857 773 0 $aSchelling, Friedrich Wilhelm Joseph : von <1775-1854>$tAusgewählte Werke.$bUnveränderter reprografischer Nachdruck.$dDarmstadt : Wissenschaftliche Buchgesellschaft, 1966-1976.$w()23710 850 $aSeMil 852 $aSeMil$W1$xVenegono$y1$m2OA VII 35$j211173$B35378$CSeMilBibl$Z2$F35381 $81 996 $6020$a3-534-02572-5$9(OLS)http://semarc/number/47633 996 $6245$aSchriften von 1799-1801$9(OLS)http://semarc/title/110773 996 $6260$aDarmstadt :$bWissenschaftliche Buchgesellschaft$9(OLS)http://semarc/publisher/32002